Learning Resource and Development

Business mathematics (Record no. 2070)

MARC details
000 -LEADER
fixed length control field 01023nam a22003017a 4500
005 - DATE AND TIME OF LATEST TRANSACTION
control field 20230512221541.0
008 - FIXED-LENGTH DATA ELEMENTS--GENERAL INFORMATION
fixed length control field 180226t xxu||||| |||| 00| 0 eng d
020 ## - INTERNATIONAL STANDARD BOOK NUMBER
International Standard Book Number 9789718214756
040 ## - CATALOGING SOURCE
Transcribing agency CSPC
082 0# - DEWEY DECIMAL CLASSIFICATION NUMBER
Classification number 513.93
Item number Z77b
100 ## - MAIN ENTRY--PERSONAL NAME
Personal name Zorilla, Roland S.
Relator term author.
245 00 - TITLE STATEMENT
Title Business mathematics
Statement of responsibility, etc. Roland S. Zorilla
250 ## - EDITION STATEMENT
Edition statement 2014
Remainder of edition statement Edition.
260 ## - PUBLICATION, DISTRIBUTION, ETC.
Place of publication, distribution, etc. Malabon City :
Name of publisher, distributor, etc. Mutya Publishing House.
Date of publication, distribution, etc. 2014.
300 ## - PHYSICAL DESCRIPTION
Extent 214 pages :
Other physical details tables, charts ;
Dimensions 26 cm.
650 10 - SUBJECT ADDED ENTRY--TOPICAL TERM
Topical term or geographic name entry element Business mathematics.
650 10 - SUBJECT ADDED ENTRY--TOPICAL TERM
Topical term or geographic name entry element Business mathematics
General subdivision Problems, exercises,etc.
700 1# - ADDED ENTRY--PERSONAL NAME
Personal name Partible, Fe G.,
Relator term author.
700 1# - ADDED ENTRY--PERSONAL NAME
Personal name Esller, Beda H.,
Relator term author.
700 1# - ADDED ENTRY--PERSONAL NAME
Personal name Mendoza, Violeta C.,
Relator term author.
700 1# - ADDED ENTRY--PERSONAL NAME
Personal name Cabrera, Milna K.,
Relator term author.
700 1# - ADDED ENTRY--PERSONAL NAME
Personal name Reynales, Anastacio P.,
Relator term author.
700 1# - ADDED ENTRY--PERSONAL NAME
Personal name Castaęda, Algernon C.,
Relator term author.
940 ## - EQUIVALENCE OR CROSS-REFERENCE--UNIFORM TITLE [OBSOLETE] [CAN/MARC only]
Uniform title <a href="Mar">Mar</a>
942 ## - ADDED ENTRY ELEMENTS (KOHA)
Koha item type
-- FIL 513.93 Z77b 2014
Holdings
Withdrawn status Lost status Damaged status Not for loan Home library Current library Shelving location Date acquired Total Checkouts Full call number Barcode Date last seen Copy number Price effective from Koha item type
        Main Library Main Library Filipiniana Section 05/12/2023   FIL 513.93 Z77b 2014 014788 05/12/2023 1-5 05/12/2023 Books
        Main Library Main Library Filipiniana Section 05/12/2023   FIL 513.93 Z77b 2014 014789 05/12/2023 2-5 05/12/2023 Books
        Main Library Main Library Filipiniana Section 05/12/2023   FIL 513.93 Z77b 2014 014790 05/12/2023 3-5 05/12/2023 Books
        Main Library Main Library Filipiniana Section 05/12/2023   FIL 513.93 Z77b 2014 014791 05/12/2023 4-5 05/12/2023 Books
        Main Library Main Library Filipiniana Section 05/12/2023   FIL 513.93 Z77b 2014 014792 05/12/2023 5-5 05/12/2023 Books